• 首页
  • 本馆介绍
  • 公告通知
  • 最新文献
  • 馆藏检索
  • 电子资源
  • 读者导购
  • 参考咨询
  • 我的图书馆
  • 登录
  • 详细信息显示
  • 放入我的书架
  • 预约/预借图书
  • 作者相关作品
  • 分类相关作品
  • 丛书相关作品
  • 出版社相关作品

书目信息

  • 表格格式
  • 工作单格式
  • 卡片格式
题名:
劳动法律政策解读与实用范本典型案例全书
    
 
作者: ;中国法制出版社 编
分册:  
出版信息: 北京   中国法制出版社  2013
页数: 12,553页
开本: 21cm
丛书名:
单 册:
中图分类: D922.504
科图分类:
主题词: 劳动法--基本知识--中国 , 劳动法
电子资源:
ISBN: 978-7-5093-4727-0
000 01191nam0 2200265 450
001 523
005 20140908082114.32
010    @a978-7-5093-4727-0@dCNY39.00
100    @a20131118d2013 em y0chiy50 ea
101 0  @achi
102    @aCN@b110000
105    @ay z 000yy
106    @ar
200 1  @a劳动法律政策解读与实用范本典型案例全书@ALao Dong Fa Lu^ Zheng Ce Jie Dou Yu Shi Yong Fan Ben Dian Xing An Li Quan Shu@f中国法制出版社编@FZhong Guo Fa Zhi Chu Ban She Bian
205    @a2版
210    @a北京@c中国法制出版社@d2013
215    @a12,553页@d21cm
300    @a法律政策解读与实用范本典型案例全书 3 最新升级版
330    @a本书收录劳动法律政策、文书范本、典型案例、流程图、计算标准等。全书对重点法条进行权威细致的解读,对重点难点问题作专业提示,帮助读者准确理解条文含义、准确运用法律维护权益。另一方面,挑选发表在《中华人民共和国最高人民法院公报》上的指导性案例和其他法院判决的典型性案例,帮助读者更好地理解法律,了解法律的适用,理性合法解决争议。
606 0  @a劳动法@x基本知识@y中国
606 0  @a劳动法
690    @aD922.504@v5
711 02 @a中国法制出版社@AZhong Guo Fa Zhi Chu Ban She@4编
801  0 @aCN@bTANGWEI@c20140603
905    @b0841403-05@dD922.504@e1158=2@f3
    
    劳动法律政策解读与实用范本典型案例全书/中国法制出版社编.-2版.-北京:中国法制出版社,2013
    12,553页;21cm
    法律政策解读与实用范本典型案例全书 3 最新升级版
    
    ISBN 978-7-5093-4727-0:CNY39.00
    本书收录劳动法律政策、文书范本、典型案例、流程图、计算标准等。全书对重点法条进行权威细致的解读,对重点难点问题作专业提示,帮助读者准确理解条文含义、准确运用法律维护权益。另一方面,挑选发表在《中华人民共和国最高人民法院公报》上的指导性案例和其他法院判决的典型性案例,帮助读者更好地理解法律,了解法律的适用,理性合法解决争议。
●
相关链接 在E读中查询图书 在五车中查询图书 在当当中查询图书 在豆瓣中查询图书


正题名:劳动法律政策解读与实用范本典型案例全书     索取号:D922.504/1158=2         预约/预借

序号 登录号 条形码 馆藏地/架位号 状态 备注
1 0841403   208414036   第一样本阅览室/ [索取号:D922.504/1158=2] 在馆    
2 0841404   208414045   密集书库-史法系/ [索取号:D922.504/1158=2] 在馆    
3 0841405   208414054   第一借阅区/ [索取号:D922.504/1158=2] 在馆    
唐山师范学院图书馆 欢迎您!
大连网信软件有限公司© 版权所有